000 01473nam a2200277Ia 4500
999 _c36934
_d36934
001 2885
003 GE_BSU
005 20190423161852.0
008 181216s1997|||| |||||||||||||| ||geo||
040 _cGE_BSU
041 _ageo
080 _a330.1(075.8)+330.342.14+330.52 მ–19
100 _aმაკკონელი, კ. რ
_9419
245 _aეკონომიკსი : პრინციპები, პრობლემები და პოლიტიკა :
_bოთხ ნაწილად . ნაწ . l l l /
_cკ.რ მაკკონელი , ს.ლ. ბრიუ , მთარგმნ : კ. ღურწკაია , და სხვ . პ/მგ . რედ : კ. ღურწკაია , რ. გოგოხია
264 _aთბილისი ,
_c1997.
300 _a518 გვ :
_c20 სმ.
541 _h12 ლ.
653 _aეკონომიკსი
653 _aპრინციპები,პრობლემები და პოლიტიკა
653 _aეკონომიკა
700 _aბრიუ, ს. ლ
_9420
700 _aღურწკაია, კ
_eმთარგმნელი
_9421
700 _aღურწკაია, კ
_eპასუხისმგებელი რედაქტორი
_9422
710 _aგოგოხია, რ
_eპასუხისმგებელი რედაქტორი
_9423
942 _cBK
_2udc